| 000 | 00616nam a2200181 i 4500 | ||
|---|---|---|---|
| 001 | 44516 | ||
| 003 | ES-MaACL | ||
| 005 | 20230906161039.0 | ||
| 007 | t| | ||
| 008 | 030321s1934 sp ||||1| spa d | ||
| 100 | 1 |
_aCeballos Teresi, José G. _937282 |
|
| 245 | 1 | 0 |
_aPolítica y economía _b: temas del momento / _cJosé G. Ceballos Teresí. |
| 260 |
_aMadrid : _bEl Financiero, _c1934 ( _fTall. Tip. "El Financiero") |
||
| 300 |
_a364 p. ; _c19 cm. |
||
| 651 | 0 |
_aEspaña- _xHistoria- _y1931-1939, II República. _98283 |
|
| 651 | 4 |
_aEspaña- _xSituación económica- _y1931-1939. _9165058 |
|
| 852 |
_aES-MaACL _jA-2558 |
||
| 999 |
_c44516 _d44516 |
||